00380 a2200109 4500001001000000005001700010008004100027245007200068100002500140773008800165999001700253ART_1401820260410161915.0260409a 10aDecadencia regional y declinación urbana en el interior argentino1 aRomero, Luis Alberto0 tRevista Paraguaya de Sociologíag- Año 15, Nº 42/43 (mayo/dic. 1978)wREV13424 c27145d27145